Alejandro Magno: conquistador del mundo

Gorde:
Xehetasun bibliografikoak
Egile nagusia: Lane Fox, Robin (Egilea)
Formatua: Liburua
Hizkuntza:gaztelania
Argitaratua: Barcelona Quaderns Crema 2007
Edizioa:1a. ed
Saila:El Acantilado, 155
Gaiak:
Etiketak: Etiketa erantsi
Etiketarik gabe, Izan zaitez lehena erregistro honi etiketa jartzen!

MARC

LEADER 00000cam a2200000 a 4500
001 UCH0750
003 CL-VaPUC
008 090326e20070000SP |||||||||||||||||spa|d
020 |a 9788496834255 
082 0 4 |a 923.1  |b FOX  |2 21 
100 |a Lane Fox, Robin  |e author  |9 567614 
245 1 0 |a Alejandro Magno: conquistador del mundo 
250 |a 1a. ed 
300 |a 956 p 
942 |c BK 
945 |d 20090326 00:00:00  |a rbrito 
260 |a Barcelona  |b Quaderns Crema  |c 2007 
600 0 |a Magno, Alejandro  |9 318232 
650 0 |a Biografías  |9 255210 
650 0 |a Historia de Roma   |9 315349 
650 7 |a EMPERADORES  |2 CL-VaPUC  |9 333943 
583 |a last modification  |c 20140403 05:10:39  |k Rodrigo Vera 
490 0 |a El Acantilado, 155 
999 |c 332993  |d 332991 
952 |0 0  |1 0  |4 0  |6 923_100000000000000_FOX_2007  |7 0  |8 A  |9 421102  |a BIBHIS  |b BIBHIS  |d 2019-11-22  |i 4524225  |o 923.1 FOX 2007  |p 4524225  |r 2025-01-20  |w 2019-11-22  |y BK  |k HIS 
952 |0 0  |1 0  |4 0  |6 923_100000000000000_FOX_2007  |7 0  |8 A  |9 421103  |a BIBHIS  |b BIBHIS  |d 2019-11-22  |i 4819098  |o 923.1 FOX 2007  |p 4819098  |r 2025-01-20  |w 2019-11-22  |y BK  |k HIS